000 00704nam a2200289Ia 4500
005 20260324150736.0
008 008 260324s9999 xx 000 0 eng d
020 _a9781315009957
037 _aEBOOK
040 _aCRL
040 _beng
040 _cCRL
041 _2eng
041 _aeng
084 _qCRL
100 _a McKENZIE, John G
_91227454
245 0 _aNervous Disorders And Character
245 2 _bA Study in Pastoral Psychology and Psychotherapy
260 _bTaylor and Francis
260 _c1946
365 _a
365 _b99.99
856 _uhttp://www.taylorfrancis.com/books/9781315009957
942 _cEBOOK
999 _c1837463
_d1837463